| 000 | 00430nam a2200181Ia 4500 | ||
|---|---|---|---|
| 008 | 240925s9999 xx 000 0 und d | ||
| 020 | _a192816519 | ||
| 082 | _a823 KIP | ||
| 100 | _aKipling, Rudyard | ||
| 245 | 0 | _aKim | |
| 250 | _aNA | ||
| 260 |
_aOxford: _bOxford University _c,1987. |
||
| 300 |
_axxiv,182p. _bNA _fOriginal |
||
| 500 | _aNA | ||
| 600 | _aHumanities & Natural Science | ||
| 650 | _aLiterature | ||
| 942 | _cBK | ||
| 999 |
_c2874 _d2874 |
||